[Event "Washington Class Championships"]
[Site "Lynnwood, WA"]
[Date "2014.11.30"]
[Round "6"]
[White "Bartron Paul  (WA)"]
[Black "Nagase Toshihiro  (WA)"]
[Result "0-1"]
[WhiteElo "2123"]
[BlackElo "1983"]
[Annotator ""]
[Source ""]
[Remark "Expert"]

1.e4 c5 2.c3 d5 3.exd5 Qxd5 4.d4 e6 5.Nf3 Nc6 6.Be2 Nf6 7.O-O
Be7 8.dxc5 Bxc5 9.Bg5 Qxd1 10.Rxd1 h6 11.Bxf6 gxf6 12.Nbd2 Ke7
13.Ne4 Bb6 14.Rd2 Rd8 15.Rad1 Rxd2 16.Rxd2 e5 17.Nh4 Bc7 18.Ng3
Kf8 19.Nhf5 e4 20.Nxh6 Bf4 21.Rd5 Bxh6 22.Nxe4 Kg7 23.Rb5 b6
24.Ng3 Be6 25.Nh5+ Kg6 26.Bd3+ f5 27.g4 Ne7 28.Ng3 Bd7 29.gxf5+
Kg5 30.Re5 Kf6 31.Re1 Nxf5 32.Ne4+ Kg7 33.Ng3 Nxg3 34.hxg3 Re8
35.Rxe8 Bxe8 36.f4 Bd7 37.Kf2 Bg4 38.Ke3 f5 39.b4 Kf6 40.Kd4
Ke6 41.Kc4 Bg7 42.a4 Kd6 43.a5 bxa5 44.bxa5 Kc6 45.Bf1 Bf3 46.Bh3
Bd5+ 47.Kd3 Be6 48.c4 Kc5 49.Kc2 Kxc4 50.Bf1+ Kb4 51.a6 Bd4 52.Kd2
Bf2 53.Ke2 Bxg3 54.Kf3 Bh4 55.Bd3 Bd5+ 56.Ke3 Be4 57.Bf1 Kc3
58.Bb5 Be7 59.Bd7 Ba3 60.Kf2 Bc1 61.Kg3 Kd3 62.Bc8 Ke3 63.Bb7
Ba3 0-1

[Event "Washington Class Championships"]
[Site "Lynnwood, WA"]
[Date "2014.11.30"]
[Round "5"]
[White "Winkler Jake  (OR)"]
[Black "Truluck Maxwell  (WA)"]
[Result "1/2-1/2"]
[WhiteElo "1543"]
[BlackElo "1479"]
[Annotator ""]
[Source ""]
[Remark "Class C"]

1.e4 c5 2.Nf3 Nc6 3.d4 cxd4 4.Nxd4 Nf6 5.Nc3 g6 6.Bc4 Bg7 7.Nxc6
bxc6 8.e5 Ng4 9.Bxf7+ Kxf7 10.Qxg4 Bxe5 11.Qe2 Bxc3+ 12.bxc3
Qa5 13.Qf3+ Qf5 14.Qxf5+ gxf5 15.Rb1 Ba6 16.Be3 Bc4 17.a3 Rab8
18.Kd2 Bd5 19.Rhg1 a6 20.g3 Rb5 21.Rxb5 axb5 22.Ra1 Ra8 23.f4
e6 1/2-1/2

[Event "Washington Class Championships"]
[Site "Lynnwood, WA"]
[Date "2014.11.29"]
[Round "3"]
[White "Sinanan Joshua  (WA)"]
[Black "Pupols Viktors  (WA)"]
[Result "1/2-1/2"]
[WhiteElo "2264"]
[BlackElo "2200"]
[Annotator ""]
[Source ""]
[Remark "Master"]

1.d4 d5 2.c4 c6 3.Nf3 Nf6 4.Nc3 dxc4 5.a4 e6 6.Bg5 Be7 7.e3 h6
8.Bh4 Nd5 9.Bxe7 Nxc3 10.bxc3 Qxe7 11.Bxc4 Nd7 12.O-O O-O 13.a5
Rd8 14.Qb3 Rb8 15.Rfd1 Nf6 16.h3 Bd7 17.Bf1 Be8 18.Nd2 c5 19.Qa3
Kf8 20.dxc5 Rdc8 21.Nb3 Ne4 22.a6 Nxc5 23.axb7 Rxb7 24.Nd4 Rcb8
25.c4 a6 26.Qc3 Na4 27.Qc2 Rb2 28.Qh7 Qf6 29.f4 g5 30.Nf3 gxf4
31.exf4 Qg7 32.Qd3 Kg8 33.Ne5 f6 34.Ng4 h5 35.Ne3 R2b7 36.Qd4
Rd7 37.Qe4 Nc5 38.Qf3 f5 39.Rxd7 Bxd7 40.Rd1 h4 41.Nxf5 exf5
42.Qd5+ Ne6 43.Qxd7 Qxd7 44.Rxd7 Nxf4 45.Ra7 Rb6 46.Kf2 Ne6 47.Ke3
Rb3+ 48.Kd2 Rb2+ 49.Kc3 Rf2 50.Rxa6 Nc5 51.Ra1 Ne4+ 52.Kd4 Nd2
53.Ra8+ Kf7 54.Bd3 Rxg2 55.Bxf5 Nb3+ 56.Ke5 Re2+ 57.Kf4 Nd4 58.Ra7+
Kf6 59.Ra6+ Ke7 60.Bg4 Rc2 61.Ke5 Rxc4 62.Kd5 Rb4 63.Kc5 Nc2
64.Ra2 Rf4 65.Rxc2 Kf6 66.Kd5 Kg7 67.Ke5 Rf6 68.Bf5 Rb6 69.Rc7+
Kh6 70.Kf4 Kh5 71.Rh7+ Rh6 72.Bg4+ Kg6 73.Ra7 Rh8 74.Ra6+ Kg7
75.Kg5 Rb8 76.Ra7+ Kh8 77.Kxh4 Rb4 78.Kg5 Rb6 79.h4 Rb8 80.Bf5
Rd8 81.Rh7+ Kg8 82.Bg6 Rd5+ 83.Kh6 Rd6 84.Re7 Rd8 85.h5 Rb8 86.Kg5
Kh8 87.h6 Rd8 88.Be8 Rd5+ 89.Kf6 Rd6+ 90.Kf5 Rd5+ 91.Ke6 Rd1
92.Ra7 Re1+ 93.Kf7 Rf1+ 94.Ke7 Re1+ 95.Kf8 Rf1+ 96.Bf7 Rf6 97.Ke7
Rf1 98.Bg6 Re1+ 99.Kf6 Rf1+ 100.Bf5 Rg1 101.Rh7+ Kg8 102.Rg7+
Rxg7 103.Be6+ Rf7+ 104.Kg6 Kh8 105.Bxf7 1/2-1/2

[Event "Washington Class Championships"]
[Site "Lynnwood, WA"]
[Date "2014.11.30"]
[Round "5"]
[White "Sinanan Joshua  (WA)"]
[Black "Lampman Becca  (WA)"]
[Result "1-0"]
[WhiteElo "2264"]
[BlackElo "2117"]
[Annotator ""]
[Source ""]
[Remark "Master"]

1.Nf3 Nf6 2.c4 g6 3.Nc3 Bg7 4.e4 d6 5.d4 O-O 6.Be2 e5 7.O-O Nc6
8.d5 Ne7 9.b4 Nd7 10.c5 f5 11.Ng5 Nf6 12.Bf3 h6 13.Ne6 Bxe6 14.dxe6
fxe4 15.Nxe4 Nxe4 16.Bxe4 d5 17.Bc2 Qe8 18.Bb2 Qc6 19.Qe2 Qxe6
20.Rae1 Rae8 21.Bxe5 Nc6 22.f4 Bxe5 23.fxe5 Rxf1+ 24.Qxf1 Nxe5
25.Kh1 Qf7 26.Qe2 Rf8 27.h3 Nc6 28.Qd2 Kh7 29.b5 Nd8 30.Qe3 c6
31.a4 Kg7 32.Bd3 Qf2 33.Qe5+ Qf6 34.Qg3 Qg5 35.Qd6 Rf2 36.Bf1
Nf7 37.Qc7 Qf5 38.Kg1 Rc2 39.Qg3 Qf6 40.Bd3 Rxc5 41.Rf1 Qe6 42.Qf2
b6 43.Qd4+ Kg8 44.Rf6 Rc1+ 45.Bf1 c5 46.Qf4 g5 47.Qb8+ 1-0

[Event "Washington Class Championships"]
[Site "Lynnwood, WA"]
[Date "2014.11.29"]
[Round "1"]
[White "Chin Eugene  (WA)"]
[Black "Larkin Morgan  (WA)"]
[Result "1-0"]
[WhiteElo "1492"]
[BlackElo "1550"]
[Annotator ""]
[Source ""]
[Remark "Class C"]

1.e4 e6 2.d4 d5 3.Nc3 c5 4.dxc5 d4 5.Nb5 Bxc5 6.Bf4 Na6 7.Nf3
Qf6 8.Be5 Qg6 9.Bd3 Nf6 10.Bxd4 Bxd4 11.Nbxd4 e5 12.Nf5 Nc5 13.Bb5+
Bd7 14.Qd6 Ng8 15.Bxd7+ Nxd7 16.Qxd7+ 1-0

[Event "Washington Class Championships"]
[Site "Lynnwood, WA"]
[Date "2014.11.30"]
[Round "6"]
[White "Yu Justin  (WA)"]
[Black "Le Blanc Paul  (CAN)"]
[Result "1-0"]
[WhiteElo "1916"]
[BlackElo "1882"]
[Annotator ""]
[Source ""]
[Remark "Class A"]

1.e4 c6 2.d4 d5 3.Nc3 dxe4 4.Nxe4 Nf6 5.Nxf6+ gxf6 6.Bf4 Bf5
7.Nf3 e6 8.Qd2 Bd6 9.Bg3 Qc7 10.Bd3 Bg6 11.O-O-O Nd7 12.Rhe1
O-O-O 13.c4 Rhg8 14.Qc3 Rge8 15.c5 Bxg3 16.hxg3 e5 17.Bxg6 hxg6
18.b4 exd4 19.Nxd4 f5 20.Nb3 f4 21.Rd6 fxg3 22.fxg3 Nf8 23.Red1
Qe7 24.Qd4 Qg5+ 25.Kb2 Ne6 26.Qf2 Qe5+ 27.Ka3 Ng5 28.Qd2 Ne6
29.Qd3 Qf6 30.Na5 Rxd6 31.cxd6 Rd8 32.Qe3 Kb8 33.Nb3 Qg5 34.Qf3
Qf5 35.Qc3 Qf2 36.Rd2 Qf5 37.Rd3 Rd7 38.Nc5 Nxc5 39.Qh8+ 1-0

[Event "Washington Class Championships"]
[Site "Lynnwood, WA"]
[Date "2014.11.29"]
[Round "2"]
[White "Deng Samuel  (WA)"]
[Black "Zhang Kyle  (WA)"]
[Result "1-0"]
[WhiteElo "824"]
[BlackElo "1178"]
[Annotator ""]
[Source ""]
[Remark "Class E"]

1.d4 d5 2.c4 c6 3.Nc3 Nf6 4.Bg5 Nbd7 5.e3 e6 6.Nf3 Be7 7.Bd3
O-O 8.O-O dxc4 9.Bxc4 b6 10.Qc2 h6 11.Bh4 Re8 12.Rfd1 Bb7 13.Rd2
Rc8 14.Bb3 Qc7 15.Bg3 Qd8 16.Ne5 Bd6 17.Nxd7 Qxd7 18.Rad1 Bxg3
19.hxg3 Qe7 20.a3 Red8 21.Ba2 Rd7 22.b4 c5 23.d5 exd5 24.Nxd5
Nxd5 25.Bxd5 cxb4 26.Qf5 Qe8 27.Bxb7 Rxb7 28.axb4 Re7 29.Kf1
Re5 30.Qd7 Rb5 31.Qxa7 Rxb4 32.Rd6 Qb5+ 33.Kg1 Qa5 34.Rd8+ Rxd8
35.Rxd8+ Kh7 36.Qxf7 Qa1+ 37.Kh2 Rb1 38.Qf5+ g6 39.Rd7+ Qg7 40.Rxg7+
Kxg7 41.Qxb1 1-0

[Event "Washington Class Championships"]
[Site "Lynnwood, WA"]
[Date "2014.11.30"]
[Round "5"]
[White "Thakur Eamon  (WA)"]
[Black "Wynn Scott  (WA)"]
[Result "0-1"]
[WhiteElo "1145"]
[BlackElo "922"]
[Annotator ""]
[Source ""]
[Remark "Class E"]

1.d4 Nf6 2.Nf3 d6 3.e3 g6 4.Bd3 Bg7 5.Nbd2 O-O 6.O-O c5 7.c3
Nc6 8.Qe2 Re8 9.e4 Bg4 10.Bb5 a6 11.Ba4 b5 12.Bb3 cxd4 13.cxd4
Nxd4 14.Qe3 Nxb3 15.Qxb3 Be6 16.Qd3 Qd7 17.Re1 Ng4 18.a4 bxa4
19.Nc4 Qb5 20.Nfd2 Rec8 21.Qe2 Nxh2 22.Nxd6 Qxe2 23.Rxe2 exd6
24.Kxh2 Bb3 25.Nxb3 axb3 26.Bf4 Be5 27.Bxe5 dxe5 28.Ra3 Rcb8
29.Re3 Ra7 30.Rexb3 Rab7 31.Rxb7 Rxb7 32.b3 Kg7 33.f3 Kh6 34.Rxa6
Rxb3 35.Ra5 f6 36.Kg3 Kg5 37.Ra7 h5 38.Ra1 Rb8 39.Rh1 Kh6 40.Kh3
g5 41.g4 Rb3 42.Kg2 h4 43.Rh3 Kg6 44.Kf2 Kf7 45.Rh1 Ke7 46.Rd1
Rb7 47.Kg2 Rd7 48.Rg1 Ke6 49.Kh3 Rd3 50.Kg2 Rc3 51.Rb1 Kd6 52.Rb6+
Ke7 53.Rb2 Kd6 54.Rb6+ Rc6 55.Rb8 Kc5 56.Rb1 Kd4 57.Rf1 Ke3 58.Re1+
Kf4 59.Re2 h3+ 60.Kxh3 Kxf3 61.Re1 Rc4 62.Rf1+ Kxe4 63.Rxf6 Rc3+
64.Kg2 Rc2+ 65.Kg3 Kd3 66.Rf3+ {%02  (Game continued for about 20 additional moves.)}
 0-1

[Event "Washington Class Championships"]
[Site "Lynnwood, WA"]
[Date "2014.11.29"]
[Round "3"]
[White "Ramesh Jothi  (WA)"]
[Black "Yee Nathaniel  (WA)"]
[Result "1-0"]
[WhiteElo "1699"]
[BlackElo "1785"]
[Annotator ""]
[Source ""]
[Remark "Class B"]

1.Nf3 Nf6 2.c4 e6 3.Nc3 d5 4.d4 c6 5.Bg5 Nbd7 6.e4 dxe4 7.Nxe4
Be7 8.Bd3 Nxe4 9.Bxe7 Nxf2 10.Bxd8 Nxd1 11.Rxd1 Kxd8 12.O-O Nf6
13.Ne5 Ke7 14.g4 h6 15.h4 g5 16.Rd2 gxh4 17.Rdf2 Nxg4 18.Rxf7+
Kd6 19.Nxg4 Rg8 20.R1f4 h5 21.c5+ Kd5 22.b3 Rxg4+ 23.Rxg4 hxg4
24.Rf4 b5 25.Be4+ Kxd4 26.Bxc6+ Kxc5 27.Bxa8 e5 28.b4+ Kd6 29.Rf6+
Ke7 30.Rc6 Be6 31.Rc7+ Kf6 32.Rxa7 Kf5 33.a4 g3 34.Bg2 Kf4 35.axb5
h3 36.Bxh3 Bxh3 37.b6 Bc8 38.b7 Bxb7 39.Rxb7 Kf3 40.b5 e4 41.b6
e3 42.Re7 e2 43.Rxe2 1-0

[Event "Washington Class Championships"]
[Site "Lynnwood, WA"]
[Date "2014.11.29"]
[Round "4"]
[White "Soetedjo Christopher  (WA)"]
[Black "Sunku Charith  (WA)"]
[Result "0-1"]
[WhiteElo "404"]
[BlackElo "990"]
[Annotator ""]
[Source ""]
[Remark "Class E"]

1.e4 e6 2.d4 d5 3.Nc3 Bb4 4.e5 c5 5.Bb5+ Bd7 6.Bxd7+ Nxd7 7.Bd2
cxd4 8.Nb5 Bxd2+ 9.Qxd2 Nxe5 10.Qxd4 f6 11.O-O-O Ne7 12.Nh3 O-O
13.Nf4 N7c6 14.Qc5 Re8 15.Nd6 Re7 16.h4 b6 17.Qa3 Qd7 18.Rh3
Rd8 19.Nb5 Nc4 20.Qa4 Qe8 21.h5 a6 22.Nc3 b5 23.Qxa6 Nb4 24.Qxb5
Nxa2+ 25.Kb1 Nxc3+ 26.Rxc3 Qxb5 27.b3 Ra8 28.Rxc4 dxc4 29.Kc1
c3 30.Rd3 Ra1# 0-1

[Event "Washington Class Championships"]
[Site "Lynnwood, WA"]
[Date "2014.11.30"]
[Round "6"]
[White "Sang Tian  (WA)"]
[Black "Tiglon Bryce  (WA)"]
[Result "1-0"]
[WhiteElo "2341"]
[BlackElo "2244"]
[Annotator ""]
[Source ""]
[Remark "Master"]

1.e4 c5 2.Nf3 d6 3.d4 cxd4 4.Nxd4 Nf6 5.Nc3 a6 6.Be3 e5 7.Nb3
Be6 8.Qd2 Be7 9.f3 Nbd7 10.g4 h6 11.O-O-O b5 12.Qf2
( 12.Kb1 Nb6 13.Qf2 Nfd7 14.h4 Qc7 ) Rb8 ( 12...b4 13.Nd5 Bxd5
14.exd5 a5 15.Bb5 a4 16.Na1 Qa5 ) 13.Kb1 Nb6 14.h4
( 14.Nc5 Bc8 15.Nd3 Nc4 16.Nb4 ) Nfd7 15.Be2 Nc4 16.Ba7 Rb7 17.Nd5
Bxd5 18.Rxd5 Ncb6 19.Bxb6 Qxb6 20.Qe1 Nf6 21.Rd1 Rc7 22.Bd3 O-O
23.Rg1 Rfc8 24.Qd2 Nh7 25.g5 hxg5 26.hxg5 Nf8 ( 26...Nxg5 27.Rxg5
Bxg5 28.Qxg5 Qf2 ) 27.f4 exf4 28.Qxf4 Ng6 29.Qf5 ( 29.Qh2 {%03}
Bd8 ( 29...Qe3 30.Rg3 Qf4 31.Rf1 Rxc2 32.Qh3 ) 30.Rdf1 Kf8 31.Qh7 )
Qe3 30.Rdf1 Bd8 31.Qg4 Ne5 32.Qh5 ( 32.Qh4 Kf8 ( 32...Ng6 33.Qh5 )
33.Rg3 ) g6 33.Qh6 ( 33.Qh4 Kf8 34.Rg3 Qb6 35.Nc1 ) Bf6
( 33...f5 34.Rh1 Bxg5 35.Qh2 f4 36.Re1 Qb6 37.Reg1 Bf6 ) 34.Rg3
Nf3 35.Rgxf3 ( 35.Rfxf3 Qe1+ 36.Nc1 Bxb2 37.Kxb2 Qd2 $19 ) 1-0

[Event "Washington Class Championships"]
[Site "Lynnwood, WA"]
[Date "2014.11.29"]
[Round "1"]
[White "Kalina Chris  (MN)"]
[Black "Feng Roland  (WA)"]
[Result "0-1"]
[WhiteElo "2103"]
[BlackElo "2292"]
[Annotator ""]
[Source ""]
[Remark "Master"]

1.d4 Nf6 2.c4 e6 3.Nf3 Bb4+ 4.Bd2 c5 5.a3 Bxd2+ 6.Qxd2 d6 7.Nc3
Nc6 8.e3 O-O 9.Be2 b6 10.O-O Bb7 11.Rad1 Qe7 12.dxc5 dxc5 13.Qd6
Qxd6 14.Rxd6 Rfc8 15.Rfd1 Kf8 16.R6d2 Rd8 17.Rxd8+ Nxd8 18.Ne5
Ke7 19.Bf3 Bxf3 20.Nxf3 Nc6 21.Kf1 Ne8 22.Ne4 f6 23.Ke2 Na5 24.Nfd2
Rc8 25.Kd3 f5 26.Ng5 Nd6 27.Kc3 h6 28.Ngf3 Kf6 29.Ne1 Rd8 30.Rc1
g5 31.b4 cxb4+ 32.axb4 Naxc4 33.Nxc4 Nxc4 34.Nc2 Nd6 35.f3 Rc8+
36.Kb2 Nc4+ 37.Kb1 a5 38.bxa5 bxa5 39.Rd1 Rb8+ 40.Kc1 Rb3 41.Re1
a4 42.e4 f4 43.Nd4 Rd3 44.Ne2 Ne3 0-1

[Event "Washington Class Championships"]
[Site "Lynnwood, WA"]
[Date "2014.11.29"]
[Round "2"]
[White "Norovsambuu Badamkhand  (WA)"]
[Black "Kalina Chris  (MN)"]
[Result "1/2-1/2"]
[WhiteElo "2070"]
[BlackElo "2103"]
[Annotator ""]
[Source ""]
[Remark "Master"]

1.d4 d5 2.c4 c6 3.Nc3 Nf6 4.Nf3 e6 5.cxd5 exd5 6.Bg5 h6 7.Bh4
Bf5 8.e3 Be7 9.Bd3 Bxd3 10.Qxd3 O-O 11.O-O Re8 12.Rab1 a5 13.Na4
Nbd7 14.Rbc1 b5 15.Nc5 Nxc5 16.dxc5 Ne4 17.Bxe7 Qxe7 18.Qc2 a4
19.Nd4 Qf6 20.Qe2 Ng3 21.hxg3 Qxd4 22.Qc2 ( 22.Qxb5 ) Qf6 23.Qc3
Qf5 24.Rfd1 Re4 25.Rd4 Rae8 26.b3 Rxd4 27.Qxd4 axb3 28.axb3 1/2-1/2

[Event "Washington Class Championships"]
[Site "Lynnwood, WA"]
[Date "2014.11.30"]
[Round "5"]
[White "Kalina Chris  (MN)"]
[Black "Nagase Masayuki  (WA)"]
[Result "1-0"]
[WhiteElo "2103"]
[BlackElo "2011"]
[Annotator ""]
[Source ""]
[Remark "Master"]

1.d4 d5 2.c4 c6 3.Nc3 Nf6 4.cxd5 cxd5 5.Nf3 Nc6 6.Bf4 Bg4 7.e3
e6 8.h3 Bxf3 9.Qxf3 Bb4 10.Bd3 O-O 11.O-O Rc8 12.Rac1 Qd7 13.Bg5
Be7 14.Qg3 Kh8 15.Qh4 h6 16.Bxh6 gxh6 17.Qxh6+ Kg8 18.f4 Ne4
19.Rf3 Bh4 20.Qxh4 f5 21.Bxe4 dxe4 22.Rg3+ Kf7 23.Qh5+ 1-0

[Event "Washington Class Championships"]
[Site "Lynnwood, WA"]
[Date "2014.11.29"]
[Round "3"]
[White "Ahluwalia Anshul  (WA)"]
[Black "Haining Breck  (WA)"]
[Result "1/2-1/2"]
[WhiteElo "1205"]
[BlackElo "1324"]
[Annotator ""]
[Source ""]
[Remark "Class D"]

1.d4 g6 2.c4 Bg7 3.Nf3 d6 4.g3 Nf6 5.Bg2 O-O 6.O-O c5 7.Nc3 Nc6
8.h3 a6 9.Be3 cxd4 10.Nxd4 Bd7 11.Rb1 Rb8 12.b4 Nxd4 13.Bxd4
Bc6 14.Bxc6 bxc6 15.Qd2 c5 16.bxc5 Rxb1 17.Rxb1 dxc5 18.Be3 Qc8
19.Kh2 Qc6 20.Rd1 e6 21.Qd6 Rc8 22.Qxc6 Rxc6 23.Na4 Bf8 24.Rd8
Kg7 25.g4 Bd6+ 26.Kg2 h5 27.g5 Ng8 28.Bd2 Be7 29.Bc3+ f6 30.gxf6+
Nxf6 31.Bxf6+ Kxf6 32.Rd3 g5 33.Nc3 Ke5 34.Kf3 Kf5 35.Rd7 g4+
36.hxg4+ hxg4+ 37.Kg3 Bd6+ 38.Kg2 Be5 39.Nd1 Bd4 40.Rd8 Rb6 41.Rf8+
Kg6 42.Rg8+ Bg7 43.Kg3 Kf7 44.Rc8 Rb1 45.Ne3 Rg1+ 46.Kh2 Re1
47.Nxg4 Rxe2 48.Rxc5 Rxa2 49.Rc7+ Kg6 50.Rc6 Kf5 51.Kg3 a5 52.c5
Ra1 53.Ra6 Rg1+ 54.Kf3 Rxg4 55.Rxa5 Rf4+ 56.Ke3 Re4+ 57.Kd3 Re5
58.Ra7 Rd5+ 59.Kc4 Bd4 60.Ra8 Bxc5 61.Ra5 Rd4+ 62.Kxc5 Rd5+ 63.Kb6
Rxa5 64.Kxa5 Ke4 65.Kb5 Kd4 66.Kc6 Ke4 67.Kd6 e5 68.Ke6 Kd4 69.Kf5 1/2-1/2

[Event "Washington Class Championships"]
[Site "Lynnwood, WA"]
[Date "2014.11.29"]
[Round "3"]
[White "Sang Tian  (WA)"]
[Black "Bragg David  (WA)"]
[Result "1-0"]
[WhiteElo "2341"]
[BlackElo "2200"]
[Annotator ""]
[Source ""]
[Remark "Master"]

1.e4 c6 2.d4 d5 3.e5 Bf5 4.Nf3 e6 5.Be2 Nd7 6.O-O Be7 7.Nbd2
b5 8.a4 a6 9.Nb3 Rc8 10.axb5 axb5 11.Bd2 Qb6 12.Re1 h6 13.Be3
g5 14.h3 Bd8 15.Nc5 Ne7 16.g4 Bg6 17.Bd3 Bc7 18.Bxg6 Nxg6 19.Ra6
Qb8 20.Rxc6 Nxc5 21.Rxc5 Ba5 22.c3 Rxc5 23.dxc5 Bc7 24.Qe2 O-O
25.Bd2 Kg7 26.h4 gxh4 27.g5 hxg5 28.Bxg5 Bd8 29.Qe3 Rh8 30.Nd4
Rh5 31.Bf4 Bc7 32.Qf3 Qh8 33.Qg4 h3 34.Bh2 Rh4 35.Qf3 Kg8 36.Nxb5
Bxe5 37.Bg3 Rc4 38.Nd6 Bxd6 39.cxd6 Nh4 40.Qd1 Nf5 41.d7 Qf6
42.b3 Rc6 43.Qg4+ Kf8 44.Qb4+ Kg8 45.Qb8+ Kh7 46.d8Q 1-0

[Event "Washington Class Championships"]
[Site "Lynnwood, WA"]
[Date "2014.11.29"]
[Round "3"]
[White "Campbell Tim  (WA)"]
[Black "Bonrud Neal  (WA)"]
[Result "0-1"]
[WhiteElo "1737"]
[BlackElo "1720"]
[Annotator ""]
[Source ""]
[Remark "Class B"]

1.e4 d5 2.exd5 Qxd5 3.Nf3 Bg4 4.Nc3 Qe6+ 5.Qe2 Qxe2+ 6.Bxe2 Nc6
7.Nb5 O-O-O 8.Ng5 Bxe2 9.Kxe2 Nh6 10.c3 Rd5 11.Nxa7+ Nxa7 12.d4
Nc6 13.f4 e6 14.Kd3 Be7 15.Ne4 Rhd8 16.Be3 R5d7 17.b4 f5 18.Nd2
e5 19.b5 e4+ 20.Kc2 Na5 21.Rhd1 Ng4 22.Bg1 b6 23.Rab1 Bf6 24.Nf1
g6 25.h3 Nh6 26.Bf2 Nc4 27.Kb3 Nd6 28.a4 Nb7 29.Ne3 Na5+ 30.Kc2
Nf7 31.Re1 Re8 32.g4 fxg4 33.hxg4 Bd8 34.d5 Nd6 35.Rb4 Rf7 36.Bg3
h5 37.f5 hxg4 38.Bxd6 cxd6 39.fxg6 Rf2+ 40.Kd1 g3 41.Rg1 Rf3
42.Ke2 Bf6 43.Rxe4 Rf2+ 44.Kd3 Rxe4 45.Kxe4 Be5 46.Rxg3 Nb3 47.Nc4
Bxg3 48.g7 Rf4+ 49.Ke3 Rg4 0-1

[Event "Washington Class Championships"]
[Site "Lynnwood, WA"]
[Date "2014.11.29"]
[Round "3"]
[White "Cross Jason  (WA)"]
[Black "Dixon Max  (WA)"]
[Result "1/2-1/2"]
[WhiteElo "1528"]
[BlackElo "1416"]
[Annotator ""]
[Source ""]
[Remark "Class C"]

1.c4 Nf6 2.Nc3 e5 3.g3 Bc5 4.Bg2 Nc6 5.d3 d6 6.Nf3 Be6 7.a3 a5
8.Bg5 h6 9.Bxf6 Qxf6 10.O-O g5 11.Ne4 Qe7 12.Nxc5 dxc5 13.Qd2
Rg8 14.Qc3 Bd7 15.e3 f5 16.Rfe1 h5 17.d4 e4 18.Ne5 Nxe5 19.dxe5
Bc6 20.Rad1 h4 21.Kf1 hxg3 22.hxg3 Qg7 23.e6 Qxc3 24.bxc3 Ke7
25.Rd5 Bxd5 26.cxd5 Rad8 27.g4 Rxd5 28.gxf5 Rxf5 29.Bxe4 Rf6
30.Bxb7 Kxe6 31.c4 Rgf8 32.Bd5+ Ke7 33.Re2 Rb8 34.Kg2 Rb3 35.Kg3
Rxa3 36.Kg4 Rg6 37.Kf5 Rg7 38.Rb2 a4 39.Rb7 Kd6 40.Kf6 Re7 1/2-1/2

[Event "Washington Class Championships"]
[Site "Lynnwood, WA"]
[Date "2014.11.29"]
[Round "3"]
[White "Louie Henry  (CA)"]
[Black "Yu Jinsong  (WA)"]
[Result "0-1"]
[WhiteElo "1532"]
[BlackElo "1416"]
[Annotator ""]
[Source ""]
[Remark "Class C"]

1.e4 c5 2.Nf3 Nc6 3.d4 cxd4 4.Nxd4 g6 5.Nc3 Bg7 6.Be3 Nf6 7.Qd2
Ng4 8.Nxc6 bxc6 9.Bf4 O-O 10.h3 Nf6 11.Be2 d6 12.g4 Qb6 13.Be3
Qxb2 14.Rb1 Qa3 15.O-O Qa5 16.f4 Nxg4 17.hxg4 Bxc3 18.Qd3 Bg7
19.a3 Qc7 20.f5 gxf5 21.exf5 a5 22.Qd2 Kh8 23.Rf2 Be5 24.Bf4
Rg8 25.Bxe5+ dxe5 26.Rb3 Qd6 27.Rd3 Qf6 28.Rg2 Qg5 29.Qc3 f6
30.Rdg3 Ba6 31.Bxa6 Rxa6 32.Rd3 Qc1+ 33.Kh2 Qf4+ 34.Kh3 Rb6 35.Rgg3
Rb1 36.Rdf3 Qh6+ 37.Kg2 Qh1+ 38.Kf2 Qf1+ 39.Ke3 Re1+ 40.Kd2 Qe2# 0-1

[Event "Washington Class Championships"]
[Site "Lynnwood, WA"]
[Date "2014.11.29"]
[Round "3"]
[White "Ma Andrew  (WA)"]
[Black "Smith Andrew  (WA)"]
[Result "1/2-1/2"]
[WhiteElo "1263"]
[BlackElo "1213"]
[Annotator ""]
[Source ""]
[Remark "Class D"]

1.e4 c5 2.Nf3 g6 3.d4 cxd4 4.Nxd4 Nc6 5.Nc3 Bg7 6.Be3 Nf6 7.f3
e6 8.Qd2 d5 9.exd5 Nxd5 10.Nxc6 bxc6 11.Nxd5 cxd5 12.Rb1 O-O
13.Bb5 Bd7 14.Bxd7 Qxd7 15.O-O Rfe8 16.Bh6 e5 17.Bxg7 Kxg7 18.Rfd1
Rad8 19.c3 Qb5 20.Qf2 a5 21.Qc2 a4 22.b3 a3 23.b4 Qc4 24.Rb3
Ra8 25.Qc1 Rec8 26.Rxa3 Rxa3 27.Qxa3 Qe2 28.Qc1 Qxa2 29.Qe3 f6
30.Qd3 Rd8 31.b5 Qa7+ 32.Kh1 Qb6 33.Ra1 Rb8 34.Qxd5 Qxb5 35.Qxb5
Rxb5 36.Kg1 Rb2 37.Rc1 Kf7 38.Kf1 Ke6 39.h4 f5 40.g3 h6 41.Rd1
h5 42.Rd8 f4 43.gxf4 exf4 44.c4 Rc2 45.Rd4 Ke5 46.Re4+ Kf5 47.Kg1 1/2-1/2

[Event "Washington Class Championships"]
[Site "Lynnwood, WA"]
[Date "2014.11.29"]
[Round "4"]
[White "Smith Andrew  (WA)"]
[Black "Cohen Jed  (WA)"]
[Result "0-1"]
[WhiteElo "1213"]
[BlackElo "1315"]
[Annotator ""]
[Source ""]
[Remark "Class D"]

1.e4 e5 2.Nf3 Nc6 3.d4 exd4 4.Bc4 Bc5 5.c3 Nf6 6.cxd4 Bb4+ 7.Bd2
Bxd2+ 8.Nbxd2 d5 9.exd5 Nxd5 10.O-O O-O 11.Re1 Nb6 12.Re4 Qd6
13.Qc2 Bf5 14.Rae1 Bxe4 15.Nxe4 Qh6 16.Neg5 Nxc4 17.Qxc4 Qg6
18.d5 Na5 19.Qc3 b6 20.h4 Qf6 21.Ne5 Rae8 22.Qxc7 Re7 23.Qc2
g6 24.Qc3 Rfe8 25.Ngf3 Nb7 26.Qc6 Qxc6 27.dxc6 Na5 28.Rd1 Rc8
29.Rd7 Nxc6 30.Rxe7 Nxe7 0-1

[Event "Washington Class Championships"]
[Site "Lynnwood, WA"]
[Date "2014.11.30"]
[Round "5"]
[White "Elango Eashver  (WA)"]
[Black "Manivannan Arvind  (WA)"]
[Result "1/2-1/2"]
[WhiteElo "580"]
[BlackElo "726"]
[Annotator ""]
[Source ""]
[Remark "Class E"]

1.e4 e5 2.Nf3 Nc6 3.Bc4 h6 4.c3 d6 5.d4 Nf6 6.Nbd2 Bg4 7.Qc2
Bxf3 8.Nxf3 d5 9.Bd3 dxe4 10.Bxe4 exd4 11.cxd4 Nxd4 12.Nxd4 Qxd4
13.Bxb7 Bb4+ 14.Bd2 Bxd2+ 15.Qxd2 Qxd2+ 16.Kxd2 Rd8+ 17.Ke2 O-O
18.Rhe1 Rfe8+ 19.Kf1 Rxe1+ 20.Rxe1 Rb8 21.Bf3 Rxb2 22.Ra1 Nd7
23.Bc6 Nc5 24.Rc1 Nd3 25.Rd1 Ne5 26.Be4 Ng6 27.Bd5 Rb5 28.Bb3
a5 29.Ke2 Re5+ 30.Kf3 a4 31.Bxa4 Rf5+ 32.Kg3 Rg5+ 33.Kf3 Nh4+
34.Ke2 Rxg2 35.h3 Ng6 36.Bd7 Rg5 37.Ke3 Re5+ 38.Kf3 {%02  Remainder indecipherable.}
 1/2-1/2

[Event "Washington Class Championships"]
[Site "Lynnwood, WA"]
[Date "2014.11.30"]
[Round "5"]
[White "Somisetty Praneeth  (WA)"]
[Black "Wu Ethan  (WA)"]
[Result "1/2-1/2"]
[WhiteElo "1009"]
[BlackElo "733"]
[Annotator ""]
[Source ""]
[Remark "Class E"]

1.e4 e6 2.Nc3 d5 3.exd5 exd5 4.Qe2+ Be7 5.Qb5+ c6 6.Qd3 Nf6 7.Nf3
O-O 8.Be2 Be6 9.Qe3 Qd6 10.d4 Nbd7 11.O-O b6 12.Qf4 Qxf4 13.Bxf4
Bf5 14.Bd3 Bxd3 15.cxd3 Nh5 16.Rfe1 Bb4 17.Be3 Nhf6 18.a3 Bd6
19.h3 h6 20.Rab1 c5 21.Na4 Rfc8 22.Rbc1 c4 23.Red1 cxd3 24.Rxc8+
Rxc8 25.Rxd3 Ne4 26.Ne5 Nf8 27.f3 Ng5 28.Nc3 Nge6 29.Nxd5 h5
30.Rc3 Rd8 31.Nc6 Rd7 32.Ne5 Rd8 33.b4 Bxe5 34.Ne7+ Kh8 35.dxe5
Nd4 36.Kf2 Nb5 37.Nc6 Re8 38.Rc1 Nxa3 39.Nxa7 Ra8 40.Bxb6 Nd7
41.Be3 Nxe5 42.Rc8+ Rxc8 43.Nxc8 Nd3+ 44.Ke2 Nxb4 45.Bc5 Nbc2
46.Kd2 Kh7 47.Nb6 Kg6 48.Nc4 Nxc4+ 49.Kxc2 Kf5 50.Kd3 Ne5+ 51.Ke3
Nc4+ 52.Kf2 Ne5 53.Kg3 g6 54.f4 h4+ 55.Kxh4 Kxf4 56.Bd6 f6 57.Be7 1/2-1/2

[Event "Washington Class Championships"]
[Site "Lynnwood, WA"]
[Date "2014.11.30"]
[Round "5"]
[White "Williams Antonio  (CO)"]
[Black "Dixon Max  (WA)"]
[Result "0-1"]
[WhiteElo "1375"]
[BlackElo "1416"]
[Annotator ""]
[Source ""]
[Remark "Class C"]

1.e4 e5 2.Nf3 Nc6 3.Bb5 a6 4.Bxc6 dxc6 5.O-O Bg4 6.h3 Bh5 7.g4
Bg6 8.Nxe5 Qh4 9.Qf3 Bd6 10.d4 O-O-O 11.Bf4 h5 12.Nxg6 fxg6 13.Qg3
Qxg3+ 14.Bxg3 hxg4 15.hxg4 Bxg3 16.fxg3 Nf6 17.Nc3 Rxd4 18.e5
Nxg4 19.Rf4 Rxf4 20.gxf4 Re8 21.Ne4 Ne3 22.c3 Nd5 23.Rf1 Rf8
24.e6 Rxf4 25.Rxf4 Nxf4 26.e7 Kd7 27.Nc5+ Kxe7 28.Nxb7 g5 29.Nc5
a5 30.Kf2 Ne6 31.Nb7 a4 32.Kf3 Kf6 33.Na5 Nd8 34.b3 axb3 35.Nxb3
Nb7 36.Kg4 Ke5 37.c4 Ke4 38.a4 Kd3 39.c5 Kc4 40.a5 Nxc5 41.Nd2+
Kb5 42.Kxg5 Kxa5 43.Kg6 Nd3 44.Kxg7 Kb4 45.Kf6 c5 46.Ke6 c4 47.Nb1
c3 48.Nxc3 Kxc3 49.Kd7 c5 50.Kd6 c4 51.Kd5 Nb4+ 52.Ke4 Kb2 53.Kd4
c3 54.Kc4 c2 55.Kxb4 c1Q 0-1

[Event "Washington Class Championships"]
[Site "Lynnwood, WA"]
[Date "2014.11.28"]
[Round "1"]
[White "Williams Antonio  (CO)"]
[Black "Piper August  (WA)"]
[Result "0-1"]
[WhiteElo "1375"]
[BlackElo "1500"]
[Annotator ""]
[Source ""]
[Remark "Class C"]

1.e4 c5 2.Nc3 a6 3.g3 b6 4.d3 Bb7 5.Bg2 d6 6.f4 Nd7 7.Nf3 e6
8.O-O Be7 9.Ne2 Qc7 10.Be3 Ngf6 11.h3 O-O 12.g4 d5 13.e5 Ne8
14.Ng3 f6 15.d4 fxe5 16.fxe5 g6 17.Bg5 Qd8 18.Qd2 cxd4 19.Bh6
Ng7 20.Nxd4 Bc5 21.Kh2 Qe7 22.Bg5 Qe8 23.Bh6 Rc8 24.c3 Nxe5 25.Rxf8+
Bxf8 26.b3 Nf7 27.Be3 e5 28.Nf3 Bc5 29.Ng5 Nxg5 30.Bxg5 e4 31.Be3
Qe6 32.Ne2 Rf8 33.b4 Bxb4 34.Nd4 Bd6+ 35.Kg1 Qe5 36.Rf1 Qh2# 0-1